| 000 | 01404nam a22002657a 4500 | ||
|---|---|---|---|
| 008 | 100310s2010 enk|||||r|||| 001 0 eng d | ||
| 020 | _a032478855X | ||
| 020 | _a9780324788556 | ||
| 082 |
_222 _a658.404 _bSCH |
||
| 100 |
_912425 _aSchwalbe, Kathy |
||
| 245 |
_aManaging Information Technology Projects/ _cKathy Schwalbe. |
||
| 250 | _a6th ed. | ||
| 260 |
_aLondon : _bCengage Learning, 2010. _c2010 |
||
| 300 |
_a490 p. : _b ill. ; _c24 cm. + _e1 CD-ROM (4 3/4 in.) |
||
| 504 | _aIncludes bibliographical references and index | ||
| 650 |
_911664 _aProject management. |
||
| 650 |
_912426 _aInformation technology _xManagement. |
||
| 653 | _bBus | ||
| 942 |
_2ddc _cNB |
||
| 999 |
_c13621 _d13621 |
||